000 00512ntaaa2200205 4500
003 01
005 20251027201940.0
008 0714s1973 ag 01
040 _aAR-BaBN
_bspa
_cAR-BaBN
_eaacr
_dRIC
082 _a245.0900 K26
100 _aKeith, Edmond D.
_93833
245 _aKnow your hymns, no. 2
250 _a1 ed.
260 _aNashville :
_bConvention Press,
_cc1966
300 _ax, 97 p.
500 _ahimnologĂ­a
650 _aHimnologĂ­a
_9168
700 _aGreen, Joseph F.
_93586
942 _cBK
999 _c14198
_d14198